00234nam a2200097Ia 4500008004100000041001200041100001700053245005400070260000600124650000600130221030s9999 xx 000 0 und d aEnglish aK. D. Prasad 0aElectromagnetic Fields and Wavescby K. D. Prasad c0 aB